| 000 | 00664cab a2200217 4500 | ||
|---|---|---|---|
| 001 | ABS36999 | ||
| 008 | 090401t1986 xxu||||| |||| 00| 0 eng d | ||
| 035 | _a(Sirsi) u1441 | ||
| 041 | _aeng | ||
| 100 | _aMorris, P. | ||
| 245 | _aWrapping up private housing in Sheffield | ||
| 260 | _c1986 | ||
| 350 | _a0 | ||
| 490 |
_aSurveyor (PWW) _v167(4916) 16 October 1986, 12-13 (2) |
||
| 520 | _aDescribes a £3 million enveloping scheme to upgrade privately owned housing, recently completed by Sheffield County Council . | ||
| 650 | _aHOUSING ACTION AREAS | ||
| 650 | _aURBAN RENEWAL | ||
| 690 | _aPLANNING LAW AND PRACTICE | ||
| 942 | _n0 | ||
| 948 | _c04/03/1997 | ||
| 999 |
_c801 _d801 |
||